La duchesse bleue. (Record no. 22485)

MARC details
000 -LEADER
fixed length control field 00603cam a22002171 4500
001 - CONTROL NUMBER
control field f 01000830
003 - CONTROL NUMBER IDENTIFIER
control field DLC
005 - DATE AND TIME OF LATEST TRANSACTION
control field 20260227111238.0
008 - FIXED-LENGTH DATA ELEMENTS--GENERAL INFORMATION
fixed length control field 770401s1898 fr 000 1 fre
010 ## - LIBRARY OF CONGRESS CONTROL NUMBER
LC control number f 01000830
035 ## - SYSTEM CONTROL NUMBER
System control number (OCoLC)2853580
040 ## - CATALOGING SOURCE
Original cataloging agency DLC
Transcribing agency CtW
Modifying agency OCoLC
-- DLC
042 ## - AUTHENTICATION CODE
Authentication code premarc
050 00 - LIBRARY OF CONGRESS CALL NUMBER
Classification number PQ2199
Item number .D8 1898
100 1# - MAIN ENTRY--PERSONAL NAME
Personal name Bourget, Paul,
Dates associated with a name 1852-1935.
245 13 - TITLE STATEMENT
Title La duchesse bleue.
260 ## - PUBLICATION, DISTRIBUTION, ETC.
Place of publication, distribution, etc. Paris,
Name of publisher, distributor, etc. A. Lemerre,
Date of publication, distribution, etc. 1898.
300 ## - PHYSICAL DESCRIPTION
Extent 2 p. l., viii, 359, [1] p.
Dimensions 19 cm.
500 ## - GENERAL NOTE
General note At head of title: Paul Bourget.
500 ## - GENERAL NOTE
General note On cover: Trente-cinquième mille.

No items available.

Powered by Koha